000 00603nam a22002177a 4500
003 OSt
005 20210415112311.0
008 210310s1993 ||||| |||| 00| 0 eng d
020 _a0312950586
040 _aeng
_beng
_cDLC
041 _aeng
080 _a821.111
_bH-58
100 _9794
_aHerriot, James
245 _aEvery Living Thing
_c/ by: St. Martin's Paperbacks
260 _aNew York
_bSt. Martin's Paperbacks
_c1993
300 _a374 p.
365 _b6.99 usd
650 0 _9254
_aEnglish literature
653 _aინგლისური ლიტერატურა
942 _2udc
_cBK
999 _c2068
_d2068